Planning and implementing pedestrian facilities in suburban and developing rural areas : research report /

Bibliographic Details
Other Authors: Smith, S. A. (Steven Avery), 1949-
Format: Book
Language:English
Published: Washington, D.C. : Transportation Research Board, National Research Council, [1987]
Series:Report (National Cooperative Highway Research Program) ; 294A.
Subjects:

MARC

Tag First Indicator Second Indicator Subfields
LEADER 00000cam a2200000 a 4500
001 in00000007580
005 20151006050034.0
008 870910s1987 dcua b 00000 eng
010 |a  87050558  
020 |a 0309044170 (pbk.) :  |c $10.40 
035 |a (OCoLC)16704044 
035 |9 AAA2075AM 
040 |a DLC  |c DLC  |d UtOrBLW 
049 |a TXAM  |c [A12567366] 
050 0 0 |a TE7  |b .N25 no. 294A 
082 0 |a 625.7 s  |a 388.4/1  |2 19 
245 0 0 |a Planning and implementing pedestrian facilities in suburban and developing rural areas :  |b research report /  |c S.A. Smith [and others]. 
264 1 |a Washington, D.C. :  |b Transportation Research Board, National Research Council,  |c [1987] 
300 |a 92 pages :  |b illustrations ;  |c 28 cm. 
336 |a text  |b txt  |2 rdacontent 
337 |a unmediated  |b n  |2 rdamedia 
338 |a volume  |b nc  |2 rdacarrier 
490 1 |a National Cooperative Highway Research Program report,  |x 0077-5614 ;  |v 294A 
500 |a "June 1987." 
504 |a Includes bibliographies. 
650 0 |a Pedestrian facilities design. 
700 1 |a Smith, S. A.  |q (Steven Avery),  |d 1949- 
830 0 |a Report (National Cooperative Highway Research Program) ;  |v 294A. 
999 |a MARS 
999 f f |s 0294e1ff-b715-381c-8e91-690b027207c0  |i e2a8628d-e21c-3807-8ef5-b1bda8efd4e3  |t 0 
952 f f |p default  |a Texas A&M University  |b College Station  |c Sterling C. Evans Library  |d Evans: Microforms (3rd floor)  |t 0  |e fiche S 746 no.294A  |h Other scheme  |i unmediated -- volume 
952 f f |p ric  |a Texas A&M University  |b Rellis Campus  |c Joint Library Facility  |d Remote Storage  |t 0  |e TE7 .N25 no.294A  |h Library of Congress classification  |i unmediated -- volume  |m A14824086928 
998 f f |a TE7 .N25 no.294A  |t 0  |l Remote Storage 
998 f f |a fiche S 746 no.294A  |t 0  |l Evans: Microforms (3rd floor)